IFM Opac

Principles of Auditing: An Introduction to International Standards on Auditing (Record no. 6130)

MARC details
000 -LEADER
fixed length control field 00601nam a2200205Ia 4500
003 - CONTROL NUMBER IDENTIFIER
control field OSt
005 - DATE AND TIME OF LATEST TRANSACTION
control field 20220901160301.0
008 - FIXED-LENGTH DATA ELEMENTS--GENERAL INFORMATION
fixed length control field 220901b |||||||| |||| 00| 0 eng d
020 ## - INTERNATIONAL STANDARD BOOK NUMBER
International Standard Book Number 0 273 68410 8
040 ## - CATALOGING SOURCE
Transcribing agency IFM Library
082 ## - DEWEY DECIMAL CLASSIFICATION NUMBER
Classification number 657.45
100 ## - MAIN ENTRY--PERSONAL NAME
Personal name Hayes, Rick S.
9 (RLIN) 147
245 ## - TITLE STATEMENT
Title Principles of Auditing: An Introduction to International Standards on Auditing
250 ## - EDITION STATEMENT
Edition statement 2nd ed.
260 ## - PUBLICATION, DISTRIBUTION, ETC.
Place of publication, distribution, etc. Harlow:
Name of publisher, distributor, etc. Pearson Education
Date of publication, distribution, etc. 2005
300 ## - PHYSICAL DESCRIPTION
Extent xx, 692 p. :
Other physical details ill. ; 25 cm.
500 ## - GENERAL NOTE
General note Includes Bibliographical References and Index
650 ## - SUBJECT ADDED ENTRY--TOPICAL TERM
Topical term or geographic name entry element Auditing
9 (RLIN) 148
942 ## - ADDED ENTRY ELEMENTS (KOHA)
Koha item type Books
Source of classification or shelving scheme Dewey Decimal Classification
Suppress in OPAC No
Holdings
Withdrawn status Lost status Source of classification or shelving scheme Damaged status Not for loan Home library Current library Shelving location Date acquired Full call number Barcode Date last seen Price effective from Koha item type Collection code Source of acquisition
    Dewey Decimal Classification   Not For Loan IFM Main Campus Library IFM Main Campus Library   05/15/2015 657.45 PRI 0000013709 05/15/2015 05/15/2015 Books    
    Dewey Decimal Classification     IFM Main Campus Library IFM Main Campus Library Special Reserve Collection 09/01/2022 657.45 PRI 0000013710 11/11/2015 02/19/2022 Books Non-fiction Purchase